Future ships of the US Navy - Statistics

General Stats
  • This quiz has been taken 33 times
    12 since last reset
  • The average score is 11 of 72
Answer Stats
HintAttack Submarine Answer % Correct
Aircraft Carriers John F. Kennedy
67%
Aircraft Carriers George W. Bush
58%
Aircraft Carriers Enterprise
50%
Frigates Constellation
42%
Aircraft Carriers Doris Miller
33%
Attack Submarine Idaho
33%
Aircraft Carriers William J. Clinton
33%
Attack Submarine Arkansas
25%
Frigates Chesapeake
25%
Frigates Congress
25%
Missile Submarines (Nuclear) District of Columbia
25%
Attack Submarine Iowa
25%
Destroyers Lyndon B. Johnson
25%
Attack Submarine Massachusetts
25%
Amphibious Transport Dock Pittsburgh
25%
Missile Submarines (Nuclear) Wisconsin
25%
Attack Submarine Arizona
17%
Attack Submarine Atlanta
17%
Attack Submarine Baltimore
17%
Attack Submarine Barb
17%
Littoral Combat Ship Cleveland
17%
Frigates Hamilton
17%
Amphibious Transport Dock Harrisburg
17%
Attack Submarine Miami
17%
Attack Submarine Norfolk
17%
Attack Submarine Oklahoma
17%
Amphibious Transport Dock Philadelphia
17%
Littoral Combat Ship Pierre
17%
Attack Submarine San Francisco
17%
Attack Submarine Tang
17%
Attack Submarine Utah
17%
Attack Submarine Wahoo
17%
Amphibious Assault Ships Bougainville
8%
Attack Submarine Brooklyn
8%
Frigates Everett Alvarez Jr.
8%
Amphibious Assault Ships Fallujah
8%
Frigates Galvez
8%
Destroyers George M. Neal
8%
Missile Submarines (Nuclear) Groton
8%
Destroyers Harvey C. Barnum Jr.
8%
Amphibious Assault Ships Helmand Province
8%
Destroyers Intrepid
8%
Destroyers Jeremiah Denton
8%
Destroyers John E. Kilmer
8%
Attack Submarine John H. Dalton
8%
Frigates Joy Bright Hancock
8%
Destroyers Kyle Carpenter
8%
Frigates Lafayette
8%
Attack Submarine Long Island
8%
Destroyers Louis H. Wilson Jr.
8%
Destroyers Patrick Gallagher
8%
Attack Submarine Potomac
8%
Destroyers Quentin Walsh
8%
Destroyers Ray Mabus
8%
Destroyers Richard G. Lugar
8%
Destroyers Robert Kerrey
8%
Destroyers Robert R. Ingram
8%
Destroyers Sam Nunn
8%
Attack Submarine Silversides
8%
Destroyers Ted Stevens
8%
Destroyers Telesforo Trinidad
8%
Destroyers Thad Cochran
8%
Amphibious Transport Dock Travis Manion
8%
Destroyers Charles J. French
0%
Destroyers Ernest E. Evans
0%
Expeditionary Transfer Dock Hector A. Cafferata Jr.
0%
Destroyers John F. Lenham
0%
Destroyers J. William Middendorf
0%
Destroyers Michael G. Mullen
0%
Destroyers Richard J. Danzig
0%
Expeditionary Transfer Dock Robert E. Simanek
0%
Destroyers Thomas G. Kelley
0%
No matching quizzes found
Score Distribution
Percent of People with Each Score
Percentile by Number Answered
Your Score History
You have not taken this quiz since the last reset